Statistics for All historic names of the capital of Kazakhstan

Click here to take the quiz!

General Stats

  • This quiz has been taken 31 times
  • The average score is 4 of 6

Answer Stats

PeriodCity name% Correct
1998–2019Astana
96%
since 2019Nur-Sultan
96%
1830–1832Akmola / Akmolinski prikas
44%
1992–1998Aqmola
44%
1961–1992Tselinograd
41%
1832-1961Akmolinsk
30%

Score Distribution

Percentile by Number Answered

Percent of People with Each Score

Your Score History

You have not taken this quiz